Global remix : the fight for competitive advantage

Bibliographic Details
Main Author: Scase, Richard
Format: Book
Published: London : Kogan Page , 2007
Subjects:

MARC

LEADER 00000cam a2200000 7i4500
001 0000013695
005 20080409.0
008 080409
020 |a 0749450916 
090 0 0 |a 337   |b SCA 
100 1 |a Scase, Richard 
245 1 0 |a Global remix :   |b the fight for competitive advantage   |c Richard Scase 
260 |a London :   |b Kogan Page ,   |c 2007 
650 0 |a Competition 
650 0 |a Globalization   |x Economic aspects 
650 0 |a International business enterprises   |x Management 
650 0 |a Strategic planning 
999 |a 0001018587   |b Book   |c Adult Collection   |e Perbadanan Perpustakaan Awam Johor